<?xml version="1.0" encoding="UTF-8"?>
<record
    xmlns:xsi="http://www.w3.org/2001/XMLSchema-instance"
    xsi:schemaLocation="http://www.loc.gov/MARC21/slim http://www.loc.gov/standards/marcxml/schema/MARC21slim.xsd"
    xmlns="http://www.loc.gov/MARC21/slim">

  <leader>00541nam a22001697a 4500</leader>
  <controlfield tag="008">161126s2009        gt||||| |||| 00| 0 spa d</controlfield>
  <datafield tag="082" ind1="0" ind2="4">
    <subfield code="a">863</subfield>
    <subfield code="b">C157t</subfield>
  </datafield>
  <datafield tag="100" ind1="1" ind2=" ">
    <subfield code="a">Calles, Juan.</subfield>
    <subfield code="9">5630</subfield>
  </datafield>
  <datafield tag="245" ind1="1" ind2="0">
    <subfield code="a">Triciclo :</subfield>
    <subfield code="b">cuentos cortos /</subfield>
    <subfield code="c">Juan Calles.</subfield>
  </datafield>
  <datafield tag="250" ind1=" " ind2=" ">
    <subfield code="a">1a ed.</subfield>
  </datafield>
  <datafield tag="260" ind1=" " ind2=" ">
    <subfield code="a">Guatemala :</subfield>
    <subfield code="b">Ediciones Bizarras, </subfield>
    <subfield code="c">2009.</subfield>
  </datafield>
  <datafield tag="300" ind1=" " ind2=" ">
    <subfield code="a">60 p.</subfield>
  </datafield>
  <datafield tag="500" ind1=" " ind2=" ">
    <subfield code="a">Imagen de portada por Carlos Chiroy e ilustraciones por Alejandra Medina.</subfield>
  </datafield>
  <datafield tag="653" ind1="1" ind2="0">
    <subfield code="a">Literatura Latinoamericana</subfield>
  </datafield>
  <datafield tag="653" ind1="1" ind2="0">
    <subfield code="a">Cuentos - Guatemala</subfield>
  </datafield>
  <datafield tag="653" ind1="1" ind2="0">
    <subfield code="a">Literatura - Guatemala</subfield>
  </datafield>
  <datafield tag="999" ind1=" " ind2=" ">
    <subfield code="c">1095</subfield>
    <subfield code="d">1095</subfield>
  </datafield>
  <datafield tag="952" ind1=" " ind2=" ">
    <subfield code="0">0</subfield>
    <subfield code="1">0</subfield>
    <subfield code="2">ddc</subfield>
    <subfield code="4">0</subfield>
    <subfield code="7">0</subfield>
    <subfield code="a">LV</subfield>
    <subfield code="b">LV</subfield>
    <subfield code="c">Literatura</subfield>
    <subfield code="d">2016-11-26</subfield>
    <subfield code="l">0</subfield>
    <subfield code="o">863 C157t</subfield>
    <subfield code="p">004274</subfield>
    <subfield code="r">2016-11-26 00:00:00</subfield>
    <subfield code="w">2016-11-26</subfield>
    <subfield code="y">01</subfield>
  </datafield>
</record>
